| 000 | 00476nam a2200217Ia 4500 | ||
|---|---|---|---|
| 001 | 079647 | ||
| 003 | YMCAF | ||
| 005 | 20230512161255.0 | ||
| 008 | 100717s2001 ||||||||||||||||| ||und|d | ||
| 024 | _a79647 | ||
| 035 | _a19107 | ||
| 040 |
_aYMCAF _beng _cIN-KoLT |
||
| 041 | _aeng | ||
| 082 |
_a621.382 _b5 RIC |
||
| 100 | _aRichharia, M | ||
| 245 | 0 | _aSatellite communication systems | |
| 250 | _a2nd | ||
| 260 |
_bMacmillan _c2001 |
||
| 300 | _a484 | ||
| 942 |
_2ddc _cBK |
||
| 999 |
_c8106 _d8106 |
||